000 00713nam a2200229Ia 4500
003 OSt
005 20260323110537.0
008 210716s2011 xx 000 0 und d
020 _a9789380027982
040 _cAIMIT LIBRARY
041 _aeng
082 _a511.3
_21
_bPANA
100 _aPandey, Adesh Kumar.
_9259009
245 _aTheory of computation /
_cBy Adesh Kumar Pandey.
250 _a1st ed.
260 _aNew Delhi :
_bS K Kataria and sons ,
_c2011.
300 _a343p. ;
_bPB
_c24.5 cm
650 _aRegular sets and regular expressions
_9259010
650 _aProperties of regular languages
_9259011
650 _aTractable and untractable problems
_9259012
942 _2ddc
_cBK
_e1st
_k511.3 PANA
999 _c193058
_d193058